Sportkör albérletben
Elmentve itt :
| Szerző: | |
|---|---|
| Dokumentumtípus: | Cikk |
| Megjelent: |
1970-12-06
|
| Sorozat: | Délmagyarország
60 No. 286 |
| Kulcsszavak: | Gallov Sándor, Sportegyesület székhelyének hiánya Szeged 1970, sportegyesületek |
| Online Access: | http://dmarchiv.bibl.u-szeged.hu/70124 |
| LEADER | 00512nab a2200157 i 4500 | ||
|---|---|---|---|
| 001 | delm70124 | ||
| 005 | 20180927153642.0 | ||
| 008 | 180927s1970 hu o 0|| hun d | ||
| 040 | |a SZTE Délmagyarország Archívum |b hun | ||
| 041 | |a hun | ||
| 100 | 1 | |a Gyürki Ernő | |
| 245 | 1 | 0 | |a Sportkör albérletben |h [elektronikus dokumentum] / |c Gyürki Ernő |
| 260 | |c 1970-12-06 | ||
| 300 | |a 10 | ||
| 490 | 0 | |a Délmagyarország |v 60 No. 286 | |
| 695 | |a Gallov Sándor, Sportegyesület székhelyének hiánya Szeged 1970, sportegyesületek | ||